| 000 | 00407nam a22001457a 4500 | ||
|---|---|---|---|
| 082 |
_a621.317 _bKIR _cL-10, P-36 |
||
| 100 |
_aKireyev, M _941436 |
||
| 245 | _aSwitchgear Installations. | ||
| 260 |
_aMoscow _bMir Publishers _c1967 |
||
| 300 |
_a382 p. : _bill. : _c6 Cm |
||
| 526 |
_a0 _b0 _c0 _d621_317000000000000_KIR |
||
| 526 |
_a0 _b0 _c0 _d621_317000000000000_KIR |
||
| 650 |
_aMVE _941189 |
||
| 942 |
_2ddc _cBK |
||
| 999 |
_c545544 _d545544 |
||